LEADER 01162nam a2200277 a 4500 001 000000133340 003 CaOOAMICUS 005 20130326151359.0 008 130326s1961 it u000 u ita r 040 $aPUL$bita 041 1 $aita$hger 100 1 $aJedin, Hubert,$csac.,$d1900-1980.$0(OLS)http://pul/name/4262 240 10$aKleine Konziliengeschichte.$lItaliano.$0(OLS)http://pul/title/96552 245 10$aBreve storia dei concili :$bi venti concili ecumenici nel quadro della storia della Chiesa /$cHubert Jedin. 250 $a2. ed. aggiornata. 260 $aRoma :$bHerder,$c1961. 300 $a222 p. ;$c20 cm 504 $aComprende indicazioni bibliografiche. 650 4$aConcili e sinodi$xStoria.$0(OLS)http://pul/subject/56 850 $aPUL 852 $aPUL$W1$xDP1 Fondo E. Rossi$y115$m1 J 18$j153246$qFondi$B152797$CPULBib$Z2$F152797 $82 941 1 $a1 961 $aSul dorso collocazione ms. di E. Rossi: J 15 1 996 $6245$aBreve storia dei concili :$bi venti concili ecumenici nel quadro della storia della Chiesa$9(OLS)http://pul/title/115534 996 $6260$aRoma :$bHerder$9(OLS)http://pul/publisher/47913 LEADER 01488nam a2200301 a 4500 001 000000175585 003 CaOOAMICUS 005 20230113103241.0 008 230109s2022 it m 000 u ita r 032 $aLibriCat 040 $aPUL$bita 100 0 $aBusti, Giosuč.$0(OLS)http://pul/name/112845 245 13$aLa Corte Europea dei diritti dell'uomo e il principio di neutralitą dello stato :$bsentenze in materia religiosa /$cGiosuč Busti. 260 $aRomae :$b[s.n.],$c2022. 300 $a282 p. ;$b$c24 cm 502 $aTesi di Dottorato. Pontificia Universitas Lateranensis. Facultas Iuris Canonici. Roma, 2022. 504 $aBibliografia: p. [247]-282. 610 24$aEuropean Court of human rights (ECHR).$0(OLS)http://pul/subject/44516 650 4$aLibertą religiosa$xDiritti umani.$0(OLS)http://pul/subject/42767 710 2 $aPontificia Universitą Lateranense.$bFacoltą di diritto canonico.$kTesi.$0(OLS)http://pul/name/81682 850 $aPUL 852 $aPUL$W1$xDP1 Tesi Pon Univ. Lateranense$y41$m2022 C 14$j199768$qTesi$B204526$CPULBib$Z2$F204526 $82 941 1 $a16 960 $aCour Européenne des droits de l'homme (CEDH)$944516 960 $aCorte europea dei diritti dell'uomo (CEDU)$944516 996 $6245$aLa Corte Europea dei diritti dell'uomo e il principio di neutralitą dello stato :$bsentenze in materia religiosa$9(OLS)http://pul/title/217037 996 $6260$aRomae :$b[s.n.]$9(OLS)http://pul/publisher/48223 LEADER 02574nam a2200469 u 4500 001 000000050493 003 CaOOAMICUS 005 20070226115229.0 008 000803s1998 it u000 u ita u 035 $a10853607 040 $a8804121920$bita 041 1 $aita$alat 100 1 $aSeverus, Sulpicius,$df. 389-403.$0(OLS)http://pul/name/4832 240 10$aVita Martini$9(Severus, Sulpicius, f. 389-403).$lItaliano e latino.$0(OLS)http://pul/title/67937 245 10$aVita di Martino /$c[Sulpicio Severo]. Vita di Ilarione / [Girolamo]. In memoria di Paola / [Girolamo] ; introduzione di Christine Mohrmann ; testo critico e commento a cura di A. A. R. Bastiansen e Jan W. Smit ; traduzioni di Luca Canali e Claudio Moreschini. 250 $a4. ed. 260 $aRoma :$bFondazione Lorenzo Valla ;$aMilano :$bA. Mondadori,$c1998. 300 $alxi, 383 ;$c20 cm 490 1 $aVite dei santi ;$v4 490 1 $aScrittori greci e latini 500 $aTesto latino e traduzione italiana a fronte. 504 $aBibliografia in nota. 600 04$aMartinus,$cs., vesc. di Tours,$dc. 330-397.$0(OLS)http://pul/subject/6538 600 04$aHilarius,$cs., vesc. di Poitiers,$dc. 315-367.$0(OLS)http://pul/subject/7864 600 04$aPaula,$cs.,$d347-406.$0(OLS)http://pul/subject/21277 700 02$aHieronymus,$cs.,$d342/347-419.$tVita s. Hilarionis$9(Hieronymus, s., 342/347-419)$lItaliano e latino.$0(OLS)http://pul/name/36348 700 02$aHieronymus,$cs.,$d342/347-419.$tEpitaphium sanctae Paulae$9(Hieronymus, s., 342/347-419)$lItaliano e latino.$0(OLS)http://pul/name/36349 700 1 $aBastiaensen, Antonius Adrianus Robertus,$cC.M.$0(OLS)http://pul/name/8433 700 1 $aSmit, Jan W.$0(OLS)http://pul/name/36350 700 1 $aMoreschini, Claudio,$d1938-$0(OLS)http://pul/name/1915 700 1 $aCanali, Luca,$d1925-$0(OLS)http://pul/name/8836 700 1 $aMohrmann, Christine,$d1903-1988.$0(OLS)http://pul/name/4670 830 0$aScrittori greci e latini.$0(OLS)http://pul/title/10625 830 0$aVite dei santi (Valla-Mondadori) ;$v4.$0(OLS)http://pul/title/185929 850 $aPUL 852 $aPUL$W1$xDP1 Cons. Gen., Altre Classi 1$y22$m705 M 79$j66942$nBK-PRI$b $qStampati$B66942$CPULBib$Z2$F66942 $81 941 1 $a8 960 $aIlario di Poitiers, $cs.,$dc. 315-367$97864 961 $aINV: 81707 996 $6245$aVita di Martino$9(OLS)http://pul/title/67938 996 $6260$aRoma :$bFondazione Lorenzo Valla$9(OLS)http://pul/publisher/51617 996 $6260$aMilano :$bA. Mondadori$9(OLS)http://pul/publisher/48249